000 01535nam a2200457 i 4500
001 22798
003 KOSZ 005
005 20210428124408.0
008 140221s1980 pl a f |001 0 pol
020 _a8301000783
035 _a991021569589705066
035 _a(PL-WaBN)b3021094x-48omnis_nlop
035 _ab3021094x
035 _a(OCoLC)69507561
035 _acc97210723
035 _a(PL)b0000003021094
035 _a(EXLNZ-48OMNIS_NETWORK)9910360842305606
040 _aWA N
_cWA N
_dKOSZ 005/HR
041 1 _apol
_hger
080 _a519.61/.64
080 _a(07)
100 1 _aStoer, Josef
_d(1934- )
_eAutor
245 1 0 _aWstęp do metod numerycznych.
_nT. 2 /
_cJ. Stoer, R. Bulirsch ; [tł. z niem. Małgorzata Mikulska].
246 1 _iTyt. oryg.:
_aEinführung in die numerische Mathematik
260 _aWarszawa :
_bPaństw. Wydaw. Naukowe,
_c1980.
300 _a262, [1] s. :
_bil. ;
_c25 cm.
336 _aTekst
_btxt
_2rdacontent
337 _aBez urządzenia pośredniczącego
_bn
_2rdamedia
338 _aWolumin
_bnc
_2rdacarrier
380 _aKsiążki
388 _a1901-2000
500 _aBibliogr. przy rozdz. Indeks
650 7 _aAnaliza numeryczna
_2DBN
655 7 _aPodręcznik
_2DBN
658 _aMatematyka
700 1 _aBulirsch, Roland
_eAutor
700 1 _aMikulska, Małgorzata
_eTłumaczenie
856 _uhttp://koha.tu.koszalin.pl/cgi-bin/koha/opac-detail.pl?biblionumber=22798
_yKatalog online BPK
942 _2UKD
_cKS
999 _c22798
_d22798